| 000 | 01063nam a2200241 a 4500 | ||
|---|---|---|---|
| 003 | BD-RjUL | ||
| 005 | 20231130144223.0 | ||
| 008 | 230124s2018 bg a|||| m||| 00| 0 eng d | ||
| 035 | _a(BD-RjUL) | ||
| 040 |
_aBD-RjUL _bENG _cBD-RjUL _dBD-RjUL |
||
| 041 | _aENG | ||
| 082 |
_a333.915492 _bRAI 2018 _223 |
||
| 100 |
_aRahaman, Md. Ferozur _96707 |
||
| 245 | 0 | 1 |
_aIntegrated Water Resource Management for Water Stessed Barind Area, Northwestern Bangladesh / _cMd. Ferozur Rahaman ; _6Principal Supervisor : Chowdhury Sarwar Jahan, Co-Supervisor : Quamrul Hasan Mazumder |
| 260 |
_aRajshahi : _bInstitute of Environmental Science, Univresity of Rajshahi, _c2018 |
||
| 300 |
_axxviii, 298 Leaves : _bill, ; _c29 cm. |
||
| 502 | _aThesis (Ph. D.) -- Institute of Environmental Science, Univresity of Rajshahi, 2018 | ||
| 504 | _aReferences : Leaves [228]-262 | ||
| 650 |
_aWater Resources _xIntegrated _zBangladesh _96708 |
||
| 700 |
_aJahan, Chowdhury Sarwar, Principal Supervisor _96709 |
||
| 700 |
_aMazumder, Quamrul Hasan, Co-Supervisor _94606 |
||
| 942 |
_2ddc _cTHE |
||
| 999 |
_c81126 _d81126 |
||